01183nab a22002057a 4500003000400000005001700004008004100021040000700062100002700069245013600096260007300232300001200305500004400317505029500361505009000656650003700746650002600783650002300809773014500832OSt20250214094131.0190604e xxu||||| |||| 00| 0 spa d cPJ aMartínez, Ignacio A.13aLos decretos de necesidad y urgencia en Argentina a 30 años de su incorporación al texto constitucional /cIgnacio A. Martinez. aCiudad Autónoma de Buenos Aires :bThomson Reuters La Ley, c2025. ap. 5-10 aCita Online: TR LALEY AR/DOC/2700/2024. aSumario: I. Introducción.— II. Origen y antecedentes de los decretos de necesidad y urgencia en Argentina.— III. El DNU o decreto de necesidad y urgencia. Nociones y alcances en el sistema constitucional argentino.— IV. ¿Más presidencialismo o más control?— V. Conclusiones.  t¿Te interesa el texto completo? Solicitalo al correo: koha@justierradelfuego.gov.ar  0aDECRETOS DE NECESIDAD Y URGENCIA 0aCONSTITUCION NACIONAL 0aCONSTITUCIONALIDAD0 02714dCiudad Autónoma de Buenos Aires : Thomson Reuters La Ley, 2014-tRevista anales de legislación argentina. Nº 12 - Diciembre 2024.